Преобразователь амплитуда-ширина импульса; Радиолюбитель; № 5

Podrobná bibliografie
Parent link:Радиолюбитель: научно-популярный журнал.— , 1995-2001
№ 5.— 2000.— С. 29
Hlavní autor: Шустов М. А. Михаил Анатольевич
Jazyk:ruština
Vydáno: 2000
Témata:
Médium: MixedMaterials Kapitola
KOHA link:https://koha.lib.tpu.ru/cgi-bin/koha/opac-detail.pl?biblionumber=516678

MARC

LEADER 00000naa2a2200000 4500
001 516678
005 20231101105522.0
035 |a (RuTPU)RU\TPU\prd\194621 
035 |a RU\TPU\prd\194620 
090 |a 516678 
100 |a 20130906a2000 k y0rusy50 ca 
101 0 |a rus 
102 |a RU 
200 1 |a Преобразователь амплитуда-ширина импульса  |f М. А. Шустов 
461 0 |0 (RuTPU)RU\TPU\prd\324  |t Радиолюбитель  |o научно-популярный журнал  |d 1995-2001 
463 0 |0 (RuTPU)RU\TPU\prd\188773  |t № 5  |v С. 29  |d 2000 
610 1 |a труды учёных ТПУ 
700 1 |a Шустов  |b М. А.  |c специалист в области электротехники  |c профессор Томского политехнического университета, доктор технических наук  |f 1952-  |g Михаил Анатольевич  |2 stltpush  |3 (RuTPU)RU\TPU\pers\30571 
801 1 |a RU  |b 63413507  |c 20130903 
801 2 |a RU  |b 63413507  |c 20130906  |g RCR 
942 |c BK